000 00344 a2200157 4500
001 59878
020 _a9788532624420
040 _cAnchieta - Pituba
100 _aCartaxo, Carlos Alberto
240 1 0 _aJogos de combate
_lpor
245 1 0 _aJogos de combate
300 _a279
362 0 _a2011
650 4 _aEsportes de combate
942 _cBK
999 _c59878
_d59878